Famous Brits by Picture - Statistics

General Stats
  • This quiz has been taken 142 times
  • The average score is 11 of 16
Answer Stats
Picture Answer % Correct
Rowan Atkinson
95%
Winston Churchill
94%
John Lennon
91%
Elizabeth II
90%
Freddie Mercury
90%
Stephen Hawking
89%
Margaret Thatcher
87%
William Shakespeare
85%
David Attenborough
72%
Isaac Newton
70%
Alan Turing
57%
Charles Dickens
46%
Charles Darwin
42%
James Cook
23%
J. R. R. Tolkien
17%
James Watt
4%
No matching quizzes found
Score Distribution
Percent of People with Each Score
Percentile by Number Answered
Your Score History
You have not taken this quiz